แสดงรายละเอียดบรรณานุกรม
  กลับหน้าหลัก

Brief Record : Get Marc (ISO 2709) : E-mail record : QR code ปิดหน้าต่าง
E-books : เกี่ยวกับ Collections
LEADER 00000nama 2200000uu 4500
008    040531s|||| th m m a000 0 tha d
041    tha
050    VCD 000021
100    พงษ์ธารา วิจิตรเวชไพศาล : การวิเคราะห์ก๊าชในเลือด.
245    Arterial blood gas.
260    ภาควิชาวิสัญญีวิทยา คณะแพทยศาสตร์ศิริราชพยาบาล มหาวิทยาลัยมหิดล. กรุงเทพฯ.
300    1 แผ่น.
600    Arterial.
650    blood gas analysis.
995    200
999    ^aใช้งานได้ทุกระบบ
รายการนี้ยังไม่มีแท็ก
คุณยังไม่ได้ล็อกอิน คุณสามารถมีกิจกรรมร่วมกับเว็บไซต์ได้ แต่ต้องล็อกอินก่อน ::
  ล็อกอิน
ลำดับที่ ประเภท เลขเรียก สถานที่ สถานะ
1. สื่อวีดิทัศน์
สื่อวีดิทัศน์
VCD 000021  
  
ชั้นวีซีดี On Shelf
  ขอยืม
2. สื่อวีดิทัศน์
สื่อวีดิทัศน์
VCD 000021 ฉ.2 
  
ชั้นวีซีดี On Shelf
  ขอยืม
3. สื่อวีดิทัศน์
สื่อวีดิทัศน์
VCD 000021 ฉ.3 
  
ชั้นวีซีดี On Shelf
  ขอยืม
4. สื่อวีดิทัศน์
สื่อวีดิทัศน์
VCD 000021 ฉ.4 
  
ชั้นวีซีดี On Shelf
  ขอยืม
5. สื่อวีดิทัศน์
สื่อวีดิทัศน์
VCD 000021 ฉ.5 
  
ชั้นวีซีดี On Shelf
  ขอยืม
   [แสดง 5/5 รายการ]

BibComment


ยังไม่เคยถูกคอมเมนท์

คอมเมนท์ทรัพยากรรายการนี้
  คอมเมนท์: Arterial blood gas
Bib 196974

 
 
 

 Union Library Management : ULibM
Copyright 2026. All Rights Reserved.
скачать бесплатно без регистрации порно красивый секс HD Sex Hindi sex

xxx gou

xxxx

bfxxx

xxxwww

Секса Видео

xxxx

Секса Видео

detube

geilexxx

C99 Shell

worms shell

blod xxx video
Ebony Coed Rihanna Rimes Takes A Dick In Her Young Twat priyaa indian fuck anal and pusssy hardcore indian women xxx desi hardcore fucking part 1 bengalixxxcouple